Normal view
MARC view
- Manufacturing process for engineering materials
Entry Topical Term
001 - CONTROL NUMBER
- control field: 125000
003 - CONTROL NUMBER IDENTIFIER
- control field: NUST
005 - DATE AND TIME OF LATEST TRANSACTION
- control field: 20240805105833.0
008 - FIXED-LENGTH DATA ELEMENTS
- fixed length control field: 240805|| aca||aabn | a|a d
040 ## - CATALOGING SOURCE
- Original cataloging agency: NUST
- Transcribing agency: NUST
150 ## - HEADING--TOPICAL TERM
- Topical term or geographic name entry element: Manufacturing process for engineering materials
670 ## - SOURCE DATA FOUND
- Source citation: Work cat.: (NUST): Serope Kalpakijan 124926, Manufacturing process for engineering materials , 2003.
